El Túnel
Sábháilte in:
| Príomhchruthaitheoir: | |
|---|---|
| Formáid: | LEABHAR |
| Teanga: | Spáinnis |
| Foilsithe / Cruthaithe: |
Madrid
Catedra
1995
|
| Eagrán: | 22a. ed |
| Sraith: | Letras Hispánicas
|
| Ábhair: | |
| Clibeanna: |
Cuir clib leis
Níl clibeanna ann, Bí ar an gcéad duine le clib a chur leis an taifead seo!
|
MARC
| LEADER | 00000nam a2200000 a 4500 | ||
|---|---|---|---|
| 001 | UCH6013 | ||
| 003 | CL-VaPUC | ||
| 008 | 091109e19950000SP |||||||||||||||||spa|d | ||
| 020 | |a 8437600898 | ||
| 082 | 0 | 4 | |a Ar863 |b SAB |2 21 |
| 100 | |a Sabato, Ernesto |e author |9 322691 | ||
| 245 | 1 | 3 | |a El Túnel |
| 250 | |a 22a. ed | ||
| 300 | |a 165 p | ||
| 942 | |c BK | ||
| 945 | |d 20091109 00:00:00 |a ccalabra | ||
| 260 | |a Madrid |b Catedra |c 1995 | ||
| 650 | 0 | |a Literatura |9 259151 | |
| 650 | 0 | |a Literatura argentina |9 320596 | |
| 650 | 0 | |a Novelas argentinas |9 267871 | |
| 650 | 7 | |a ESCRITORES ARGENTINOS |2 CL-VaPUC |9 542409 | |
| 650 | 0 | |a Ficción |9 376687 | |
| 650 | 0 | |a Lectura |9 307634 | |
| 651 | 0 | |a Argentina |9 254888 | |
| 583 | |a last modification |c 20091109 00:00:00 |k Rodrigo Vera | ||
| 490 | 0 | |a Letras Hispánicas | |
| 999 | |c 336995 |d 336993 | ||